000 00580nam a2200181 4500
001 132442
003 ES-MaACL
005 20250807071935.0
007 t|
008 070214s1924 sp r ||||1| spa d
100 1 _aRomero Landa, Gabriel Arturo.
_999401
245 1 0 _aFilosofía de la vida práctica
_b: hacia la felicidad /
_cpor el Doctor Gabriel Romero Landa.
260 _aMadrid :
_bBailly-Baillière,
_c1924.
300 _a260 p., 1 lám. retr. aut. ;
_c19 cm.
650 0 7 _aFelicidad
_2embne
_912743
852 _aES-MaACL
_jG-3226
999 _c132442
_d132442